| 000 | 01530nam a2200409 i 4500 | ||
|---|---|---|---|
| 001 | 45849 | ||
| 003 | KOSZ 005 | ||
| 005 | 20200518081825.0 | ||
| 008 | 040803s2001 pl a |000 0 pol | ||
| 015 | _aPB 2004/16917 | ||
| 020 | _a838850777X | ||
| 035 | _a(OCoLC)830623033 | ||
| 040 |
_aWA N _cWA N _dKOS 005/HR |
||
| 041 | 0 |
_ager _apol |
|
| 046 | _k2001 | ||
| 080 | _a811.162.1:811.112.2'374 | ||
| 245 | 0 | 0 |
_aDuży słownik polsko-niemiecki : _b55000 haseł i zwrotów / _c[zespół aut. Ariane Saadat Afsari et al. ; oprac. fonetyki jęz. pol. Waldemar Wojciech Klemm ; red. t. Anna Rychlewska, Luiza Śmidowicz, Janusz Taborek]. |
| 260 |
_aPoznań : _b"LektorKlett", _c2001. |
||
| 300 |
_aXV, [1], 616 s. : _btab. ; _c25 cm. |
||
| 336 |
_2rdacontent _aTekst _btxt |
||
| 337 |
_2rdamedia _aBez urządzenia pośredniczącego _bn |
||
| 338 |
_2rdacarrier _aWolumin _bnc |
||
| 380 | _aKsiążki | ||
| 490 | 1 | _aPons. | |
| 500 | _aNa okł.: Kommunikation. | ||
| 658 | _aJęzykoznawstwo | ||
| 655 | 4 | _aSłownik polsko-niemiecki | |
| 700 | 1 |
_aSaadat Afsari, Ariane. _eAutor |
|
| 700 | 1 |
_aKlemm, Waldemar. _eOpracowanie |
|
| 700 | 1 |
_aRychlewska, Anna. _eRedakcja |
|
| 700 | 1 |
_aŚmidowicz, Luiza. _eRedakcja |
|
| 700 | 1 |
_aTaborek, Janusz _d(1973- ). _eRedakcja |
|
| 710 | 2 |
_aWydawnictwo LektorKlett _4pbl. |
|
| 856 |
_uhttp://koha.tu.koszalin.pl/cgi-bin/koha/opac-detail.pl?biblionumber=45849 _yKatalog online BPK |
||
| 830 | 0 | _aPons | |
| 942 |
_2UKD _cKS |
||
| 999 |
_c45849 _d45849 |
||